Richard Foreman and the Ontological-Hysteric Theatre /

Bibliographic Details
Main Author: Davy, Kate
Format: Book
Language:English
Published: Ann Arbor, Mich. : UMI Research Press, [1981]
Series:Theater and dramatic studies ; no. 2.
Subjects:

MARC

Tag First Indicator Second Indicator Subfields
LEADER 00000pam a2200000 a 4500
001 in00000076799
005 20151008054936.0
008 810528s1981 miua b 00110 eng
010 |a  81010380  
020 |a 0835712206 
035 |a (OCoLC)07572349 
035 |9 AAJ2123AM 
039 0 |a 2  |b 3  |c 3  |d 3  |e 3 
040 |a DLC  |c DLC  |d TXA  |d UtOrBLW 
049 |a TXAM  |c [1361620] 
050 0 0 |a PS3556.O7225  |b Z63 1981 
082 0 |a 792/.023/0924  |2 19 
100 1 |a Davy, Kate. 
245 1 0 |a Richard Foreman and the Ontological-Hysteric Theatre /  |c by Kate Davy. 
264 1 |a Ann Arbor, Mich. :  |b UMI Research Press,  |c [1981] 
264 4 |c ©1981 
300 |a xii, 253 pages :  |b illustrations ;  |c 24 cm. 
336 |a text  |b txt  |2 rdacontent 
337 |a unmediated  |b n  |2 rdamedia 
338 |a volume  |b nc  |2 rdacarrier 
490 1 |a Theater and dramatic studies ;  |v no. 2 
500 |a Includes index. 
504 |a Bibliography: pages [243]-248. 
600 1 0 |a Foreman, Richard,  |d 1937-  |x Stage history. 
610 2 0 |a Ontological-Hysteric Theatre. 
830 0 |a Theater and dramatic studies ;  |v no. 2. 
999 |a MARS 
999 f f |s 101b96df-09a0-3a7a-b9a2-739e9f3762e7  |i 9f69bca5-f611-39b8-a89a-b21f4163345c  |t 0 
952 f f |p ric  |a Texas A&M University  |b Rellis Campus  |c Joint Library Facility  |d Remote Storage  |t 0  |e PS3556.O7225 Z63 1981  |h Library of Congress classification  |i unmediated -- volume  |m A14806192307 
998 f f |a PS3556.O7225 Z63 1981  |t 0  |l Remote Storage